[Event "V4 OPEN - International Championship of Slovakia 2
[Site "Banska Stiavnica"]
[Date "2013.07.12"]
[Round "7"]
[Board "74"]
[White "Sahidi, Samir"]
[Black "Bango, Dominik"]
[Result "1-0"]
[WhiteElo "1839"]
[BlackElo "1337"]
[PlyCount "110"]
[EventDate "2013.07.06"]
[EventRounds "9"]
[EventCountry "SVK"]

1. d4 e6 2. c4 c5 3. Nf3 cxd4 4. Nxd4 Nc6 5. Nb5 a6 6. Nd6+ Bxd6 7. Qxd6 Qe7 8.
Qd1 Nf6 9. Nc3 O-O 10. e3 Rd8 11. Be2 h6 12. O-O d5 13. cxd5 Nxd5 14. Nxd5 Rxd5
15. Qc2 Qc5 16. Qe4 Rg5 17. Rd1 Qf5 18. Qxf5 Rxf5 19. b3 Rd5 20. Rxd5 exd5 21.
Bb2 Be6 22. f4 Rd8 23. Rd1 Bf5 24. Bc3 Be4 25. Kf2 Kf8 26. b4 g6 27. Rd2 Ke8
28. a4 Ne7 29. Bf6 Rd6 30. Bxe7 Kxe7 31. a5 Rc6 32. Rb2 Rc2 33. Rxc2 Bxc2 34.
Ke1 Be4 35. g3 Kd6 36. Kd2 Kc6 37. Kc3 g5 38. fxg5 hxg5 39. h4 gxh4 40. gxh4
Kd6 41. Kd4 f6 42. h5 Ke7 43. Bd3 f5 44. Bxe4 dxe4 45. Ke5 f4 46. Kxf4 Kf6 47.
Kxe4 Kg5 48. Kd5 Kxh5 49. e4 Kg5 50. Kd6 Kf6 51. e5+ Kf7 52. Kd7 Kf8 53. e6 b5
54. e7+ Kf7 55. e8=Q+ Kf6 1-0

[Event "V4 OPEN - International Championship of Slovakia 2
[Site "Banska Stiavnica"]
[Date "2013.07.12"]
[Round "7"]
[Board "75"]
[White "Majsniar, Jan"]
[Black "Lecky, Juraj"]
[Result "0-1"]
[WhiteElo "1309"]
[BlackElo "1826"]
[PlyCount "62"]
[EventDate "2013.07.06"]
[EventRounds "9"]
[EventCountry "SVK"]

1. d4 Nf6 2. c4 c5 3. d5 e6 4. Nc3 exd5 5. cxd5 d6 6. Bg5 g6 7. e4 Bg7 8. Bb5+
Nbd7 9. Nge2 h6 10. Bf4 Qe7 11. Qc2 O-O 12. O-O a6 13. Bd3 b5 14. Ng3 Ne5 15.
Be2 Nfd7 16. Qd2 Kh7 17. a3 c4 18. Rab1 Nc5 19. Qe3 Bd7 20. Bxe5 Qxe5 21. f4
Qd4 22. Qxd4 Bxd4+ 23. Kh1 Rae8 24. f5 Kg7 25. Rf3 Bxc3 26. bxc3 Nxe4 27. fxg6
Nxg3+ 28. hxg3 Rxe2 29. gxf7 Rxf7 30. a4 Rxf3 31. gxf3 Re3 0-1

[Event "V4 OPEN - International Championship of Slovakia 2
[Site "Banska Stiavnica"]
[Date "2013.07.12"]
[Round "7"]
[Board "76"]
[White "Hyll, Jan"]
[Black "Gregusova, Katarina"]
[Result "1-0"]
[WhiteElo "1899"]
[BlackElo "1544"]
[PlyCount "67"]
[EventDate "2013.07.06"]
[EventRounds "9"]
[EventCountry "SVK"]

1. d4 d5 2. e3 c6 3. Bd3 Nf6 4. Nf3 Nbd7 5. O-O e6 6. Re1 Bd6 7. Nbd2 Bc7 8. e4
dxe4 9. Nxe4 O-O 10. Bg5 h6 11. Bh4 Qe7 12. c3 Re8 13. Bc2 Bd8 14. Qd3 g6 15.
Ne5 Qf8 16. Nxf6+ Nxf6 17. Nxg6 fxg6 18. Qxg6+ Qg7 19. Bxf6 Qxg6 20. Bxg6 Rf8
21. Bxd8 Rxd8 22. Re5 Kg7 23. Bh5 Rf8 24. Rae1 Rf6 25. R1e3 Bd7 26. g3 Raf8 27.
f4 Kh7 28. Bg4 Re8 29. Bh3 Rg8 30. Bxe6 Bxe6 31. Rxe6 Rxf4 32. Re7+ Kh8 33.
Rxb7 Rf6 34. Ree7 1-0

[Event "V4 OPEN - International Championship of Slovakia 2
[Site "Banska Stiavnica"]
[Date "2013.07.12"]
[Round "7"]
[Board "77"]
[White "Jancsy, Peter"]
[Black "Horak, Miroslav"]
[Result "1/2-1/2"]
[WhiteElo "1613"]
[BlackElo "1823"]
[PlyCount "82"]
[EventDate "2013.07.06"]
[EventRounds "9"]
[EventCountry "SVK"]

1. e4 c5 2. Bc4 e6 3. Nf3 Nc6 4. Nc3 a6 5. O-O Qc7 6. d4 cxd4 7. Nxd4 Nf6 8.
Nxc6 Qxc6 9. Bd3 d6 10. h3 Be7 11. Bg5 b5 12. Bxf6 Bxf6 13. Be2 b4 14. Bf3 Be5
15. Ne2 Bxb2 16. Rb1 Bc3 17. Nxc3 bxc3 18. Qd3 Bb7 19. Rb3 O-O 20. Rxc3 Qd7 21.
Rb3 Bc6 22. Rfb1 Rfd8 23. c4 Qc7 24. Qe3 Rab8 25. Rxb8 Rxb8 26. Rxb8+ Qxb8 27.
Qb3 Qc7 28. a4 a5 29. e5 Be8 30. exd6 Qxd6 31. Qb7 Qc5 32. Qa8 Kf8 33. g4 g6
34. Qd8 h6 35. Kg2 Qxc4 36. Qxa5 Qxa4 37. Qe5 Ke7 38. Qc5+ Kf6 39. Qf8 Bc6 40.
Qxh6 Bxf3+ 41. Kxf3 Qd1+ 1/2-1/2

[Event "V4 OPEN - International Championship of Slovakia 2
[Site "Banska Stiavnica"]
[Date "2013.07.12"]
[Round "7"]
[Board "78"]
[White "Marczuk, Anna"]
[Black "Ferkova, Dominika"]
[Result "1-0"]
[WhiteElo "1778"]
[BlackElo "1603"]
[PlyCount "115"]
[EventDate "2013.07.06"]
[EventRounds "9"]
[EventCountry "SVK"]

1. e4 e5 2. Nf3 Nf6 3. Nxe5 d6 4. Nf3 Nxe4 5. Nc3 Nxc3 6. dxc3 Be7 7. Bf4 Be6
8. Qd2 Nc6 9. a3 Qd7 10. O-O-O a6 11. Be2 O-O-O 12. Rhe1 Rde8 13. Nd4 Bd5 14.
g4 Bf6 15. Nf5 Be6 16. Ne3 h6 17. Bg3 Ne5 18. h3 g5 19. f4 gxf4 20. Bxf4 Ng6
21. Bg3 Bg5 22. Bd3 Qe7 23. Kb1 Bd7 24. Nd5 Bxd2 25. Nxe7+ Nxe7 26. Rxd2 Ng6
27. Rf1 Ne5 28. Bf5 Rhf8 29. Rdf2 Re7 30. Bh4 f6 31. Bxd7+ Nxd7 32. Bxf6 Ref7
33. Bd4 Rxf2 34. Rxf2 Rxf2 35. Bxf2 Ne5 36. Be3 Nf7 37. Kc1 Kd7 38. Bf4 Ng5 39.
Bxg5 hxg5 40. Kd2 Ke6 41. Ke3 Ke5 42. Kf3 d5 43. Kg3 c6 44. h4 Kf6 45. hxg5+
Kxg5 46. Kf3 c5 47. Kg3 a5 48. a4 b6 49. Kf3 Kg6 50. Kf4 Kf6 51. g5+ Ke6 52.
Kg4 Ke5 53. g6 Kf6 54. Kh5 d4 55. cxd4 cxd4 56. Kh6 b5 57. g7 bxa4 58. g8=Q 1-0

[Event "V4 OPEN - International Championship of Slovakia 2
[Site "Banska Stiavnica"]
[Date "2013.07.12"]
[Round "7"]
[Board "79"]
[White "Paulicka, Ivan"]
[Black "Miklasova, Emma"]
[Result "0-1"]
[WhiteElo "1775"]
[BlackElo "1601"]
[PlyCount "132"]
[EventDate "2013.07.06"]
[EventRounds "9"]
[EventCountry "SVK"]

1. e4 e5 2. Nf3 Nc6 3. d4 exd4 4. Nxd4 Nf6 5. Bg5 Qe7 6. Nc3 Qe5 7. Bxf6 Qxf6
8. Nd5 Qxd4 9. Nxc7+ Kd8 10. Qxd4 Nxd4 11. O-O-O Kxc7 12. Rxd4 Be7 13. Bc4 Rf8
14. Bd5 f5 15. f3 Bg5+ 16. Kb1 d6 17. Rc4+ Kd8 18. Rd1 g6 19. e5 Be7 20. f4 Rb8
21. Bf3 Kd7 22. Rcd4 Rd8 23. exd6 Bf6 24. Rc4 Ke6 25. Bd5+ Kxd6 26. Bxb7+ Ke7
27. Rc7+ Rd7 28. Re1+ Kd8 29. Rxc8+ Rxc8 30. Bxc8 Kxc8 31. Kc1 Re7 32. Rh1 Re2
33. g3 Kb7 34. Kd1 Rg2 35. Re1 Rxh2 36. b3 Rg2 37. Re3 Bd4 38. Re7+ Kc6 39.
Rxh7 Rxg3 40. Ke2 Kd5 41. Re7 Kd6 42. Re8 Kd7 43. Rb8 Rg2+ 44. Kd3 Bb6 45. a4
Rf2 46. Rg8 Rxf4 47. Rxg6 Rg4 48. Rf6 Rd4+ 49. Kc3 Rd5 50. Kc4 Rc5+ 51. Kd3 Ke7
52. Rh6 Re5 53. b4 f4 54. a5 Bc7 55. c4 f3 56. Rh7+ Ke6 57. Rh6+ Kf5 58. Rh8
Bd6 59. Rh5+ Kg4 60. Rxe5 Bxe5 61. Ke4 Bc7 62. Kd5 f2 63. Kc6 f1=Q 64. Kxc7
Qxc4+ 65. Kb8 Qxb4+ 66. Ka8 Qxa5 0-1

[Event "V4 OPEN - International Championship of Slovakia 2
[Site "Banska Stiavnica"]
[Date "2013.07.12"]
[Round "7"]
[Board "80"]
[White "Sosovicka, Jakub"]
[Black "Brnusak, Andrej"]
[Result "1/2-1/2"]
[WhiteElo "1620"]
[BlackElo "1566"]
[PlyCount "86"]
[EventDate "2013.07.06"]
[EventRounds "9"]
[EventCountry "SVK"]

1. e4 e5 2. Nf3 Nc6 3. Bc4 Bc5 4. c3 Nf6 5. d3 d6 6. Nbd2 O-O 7. Nf1 Bd7 8. Ng3
Na5 9. Bb3 Nxb3 10. axb3 Bb6 11. O-O c5 12. Re1 Qc7 13. Nh4 Rfe8 14. Nhf5 Be6
15. Bg5 Nd7 16. Qg4 g6 17. Bh4 Qc8 18. Nh6+ Kg7 19. Ngf5+ Kf8 20. Qg3 Bxf5 21.
exf5 Kg7 22. Ng4 Bd8 23. fxg6 hxg6 24. Bxd8 Qxd8 25. Ne3 Nf6 26. Ra4 Rh8 27.
Rh4 Rxh4 28. Qxh4 Qh8 29. Qg3 Qd8 30. Ra1 Nh5 31. Qf3 Qd7 32. Nd5 Qc6 33. c4 f5
34. Re1 Nf6 35. Nxf6 Qxf3 36. gxf3 Kxf6 37. Kg2 Rc8 38. Kg3 Rc6 39. Ra1 a6 40.
h3 f4+ 41. Kg2 Rb6 42. Ra3 Kg5 43. Kh2 Kh4 1/2-1/2

[Event "V4 OPEN - International Championship of Slovakia 2
[Site "Banska Stiavnica"]
[Date "2013.07.12"]
[Round "7"]
[Board "81"]
[White "Vitek, Matej"]
[Black "Hurton, Dusan"]
[Result "1-0"]
[WhiteElo "1771"]
[BlackElo "1471"]
[PlyCount "47"]
[EventDate "2013.07.06"]
[EventRounds "9"]
[EventCountry "SVK"]

1. d4 Nf6 2. Nf3 d5 3. c4 c6 4. cxd5 cxd5 5. Nc3 Nc6 6. Bg5 Ne4 7. Bd2 Nxd2 8.
Qxd2 Bg4 9. Ne5 Nxe5 10. dxe5 e6 11. e3 a6 12. a3 Be7 13. Bd3 Bh5 14. O-O O-O
15. Rac1 Qd7 16. Qc2 Bg6 17. Bxg6 fxg6 18. Ne2 Rf5 19. Qc7 Rd8 20. Nd4 Rf7 21.
Qxd7 Rxd7 22. Nxe6 b6 23. Nc7 Bxa3 24. e6 1-0

[Event "V4 OPEN - International Championship of Slovakia 2
[Site "Banska Stiavnica"]
[Date "2013.07.12"]
[Round "7"]
[Board "82"]
[White "Piovar, Jaroslav"]
[Black "Surka, Marian"]
[Result "1-0"]
[WhiteElo "1564"]
[BlackElo "1746"]
[PlyCount "63"]
[EventDate "2013.07.06"]
[EventRounds "9"]
[EventCountry "SVK"]

1. d4 d5 2. c4 Nf6 3. Nc3 e6 4. Bg5 Be7 5. cxd5 Nxd5 6. Bxe7 Nxe7 7. e4 b6 8.
Nf3 Bb7 9. Bb5+ c6 10. Be2 f5 11. Ng5 Qd7 12. Bc4 e5 13. Bf7+ Kd8 14. Ne6+ Kc8
15. dxe5 Qxd1+ 16. Rxd1 Nd7 17. Nxg7 Nxe5 18. Be6+ Kc7 19. exf5 Bc8 20. f6 N7g6
21. O-O Nf4 22. Bxc8 Raxc8 23. Rfe1 Neg6 24. g3 Nh3+ 25. Kg2 Ng5 26. h4 Nf7 27.
h5 Nge5 28. f4 Nd7 29. Re7 Nd8 30. Rdxd7+ Kb8 31. Rxa7 Re8 32. Nxe8 1-0

[Event "V4 OPEN - International Championship of Slovakia 2
[Site "Banska Stiavnica"]
[Date "2013.07.12"]
[Round "7"]
[Board "83"]
[White "Laho, Matus"]
[Black "Sedlacek, Richard"]
[Result "1-0"]
[WhiteElo "1221"]
[BlackElo "1628"]
[PlyCount "149"]
[EventDate "2013.07.06"]
[EventRounds "9"]
[EventCountry "SVK"]

1. e4 e5 2. Nf3 d6 3. d4 f6 4. Bc4 Ne7 5. dxe5 fxe5 6. Ng5 d5 7. Bxd5 Nxd5 8.
Qxd5 Qxd5 9. exd5 Bd6 10. O-O O-O 11. c4 Bf5 12. Nc3 a6 13. Re1 Nd7 14. Nce4
Rae8 15. Be3 b6 16. Rac1 h6 17. Nxd6 cxd6 18. Nf3 e4 19. Nd2 Ne5 20. Rc3 Nd3
21. Rb1 b5 22. cxb5 axb5 23. Nb3 Re5 24. Nc1 Rxd5 25. Nxd3 exd3 26. Rd1 Rc8 27.
Rxc8+ Bxc8 28. f4 Bg4 29. Rd2 Bf5 30. Kf2 h5 31. Kg3 g6 32. Kh4 Kf7 33. h3 Be4
34. Kg3 Kf6 35. Bb6 Ke6 36. h4 Kf5 37. a3 Ke6 38. b3 Kf5 39. a4 bxa4 40. bxa4
Ke6 41. a5 Rb5 42. Ra2 Rb1 43. Kf2 Rc1 44. Be3 Rc2+ 45. Rxc2 dxc2 46. a6 Kd5
47. a7 Kc4 48. g4 hxg4 49. f5 Kd3 50. Bc1 gxf5 51. h5 g3+ 52. Kxg3 Ke2 53. h6
Kd1 54. Bf4 c1=Q 55. Bxc1 Kxc1 56. h7 d5 57. h8=Q Bc2 58. a8=Q Kd2 59. Qxd5+
Bd3 60. Qhd8 Ke1 61. Qe5+ Be2 62. Qxe2+ Kxe2 63. Qf6 f4+ 64. Qxf4 Kd3 65. Qe5
Kc4 66. Qd6 Kb5 67. Qc7 Kb4 68. Qc6 Kb3 69. Qc5 Kb2 70. Qc4 Ka3 71. Qb5 Ka2 72.
Kf2 Ka3 73. Ke2 Ka2 74. Kd2 Ka3 75. Kc2 1-0

[Event "V4 OPEN - International Championship of Slovakia 2
[Site "Banska Stiavnica"]
[Date "2013.07.12"]
[Round "7"]
[Board "84"]
[White "Uhrin, Milan"]
[Black "Zicho, Tony"]
[Result "1/2-1/2"]
[WhiteElo "1394"]
[BlackElo "1618"]
[PlyCount "100"]
[EventDate "2013.07.06"]
[EventRounds "9"]
[EventCountry "SVK"]

1. e4 c6 2. Nc3 d5 3. exd5 cxd5 4. Bb5+ Bd7 5. d4 Bxb5 6. Nxb5 a6 7. Nc3 e6 8.
Nf3 Bd6 9. O-O Ne7 10. Ne2 Qc7 11. Qd3 Nd7 12. c3 Nf6 13. h3 Ng6 14. g3 Ne4 15.
Kg2 O-O 16. h4 Rac8 17. h5 Ne7 18. Ng5 Nf6 19. Rh1 h6 20. Nf3 Nf5 21. Bf4 Ng4
22. Bxd6 Qxd6 23. Nh2 Nxh2 24. Rxh2 Ne7 25. Re1 b5 26. b4 Rc4 27. Rh4 Nf5 28.
Rf4 Qc7 29. g4 Ne7 30. Qg3 e5 31. dxe5 Qxe5 32. Rxc4 Qe6 33. Rc7 Re8 34. f3 Nc6
35. Qf4 Nd8 36. Kg1 f6 37. Qf5 Qe3+ 38. Kf1 Re5 39. Qf4 Qb6 40. Rc8 Kf7 41. Nd4
Ne6 42. Nxe6 Rxe1+ 43. Kxe1 Qxe6+ 44. Kd2 Qxc8 45. Qd6 Qb7 46. Ke3 Qe7+ 47.
Qxe7+ Kxe7 48. Kd4 Kd6 49. f4 Kc6 50. Kd3 Kd6 1/2-1/2

[Event "V4 OPEN - International Championship of Slovakia 2
[Site "Banska Stiavnica"]
[Date "2013.07.12"]
[Round "7"]
[Board "85"]
[White "Rendla, Karol"]
[Black "Hudec, Timotej"]
[Result "0-1"]
[WhiteElo "1453"]
[BlackElo "1644"]
[PlyCount "0"]
[EventDate "2013.07.06"]
[EventRounds "9"]
[EventCountry "SVK"]

1. e4 {[%clk 1:30:47]} e5 {[%clk 1:30:45]} 2. Nf3 {[%clk 1:30:56]} Nc6
{[%clk 1:30:06]} 3. Bc4 {[%clk 1:31:15]} Bc5 {[%clk 1:30:10]} 4. O-O Nf6 5. d3
{[%clk 1:31:01]} h6 {[%clk 1:29:26]} 6. a3 {[%clk 1:31:18]} d6 {[%clk 1:29:09]}
7. h3 {[%clk 1:30:26]} O-O {[%clk 1:28:24]} 8. Be3 {[%clk 1:30:39]} Bb6
{[%clk 1:27:55]} 9. Nc3 {[%clk 1:28:04]} Qe7 {[%clk 1:26:39]} 10. b4
{[%clk 1:27:08]} a6 {[%clk 1:25:40]} 11. Qc1 {[%clk 1:22:10]} Kh7
{[%clk 1:24:28]} 12. Rb1 {[%clk 1:20:42]} Be6 {[%clk 1:21:37]} 13. Nd5
{[%clk 1:17:07]} Qd8 {[%clk 1:18:27]} 14. Bb3 {[%clk 1:16:13]} Bxd5
{[%clk 1:15:38]} 15. exd5 {[%clk 1:15:47]} Ne7 {[%clk 1:15:23]} 16. c4
{[%clk 1:15:57]} c6 {[%clk 1:12:54]} 17. dxc6 {[%clk 1:15:57]} bxc6
{[%clk 1:11:33]} 18. Bc2 Ng6 {[%clk 1:09:43]} 19. Rd1 {[%clk 1:15:13]} Re8
{[%clk 1:08:02]} 20. c5 {[%clk 1:06:59]} Bc7 {[%clk 1:04:27]} 21. Ba4
{[%clk 1:06:40]} Ne7 {[%clk 1:02:27]} 22. Qc2 {[%clk 1:06:24]} d5
{[%clk 1:01:32]} 23. d4+ {[%clk 1:05:04]} e4 {[%clk 1:00:10]} 24. Ne5
{[%clk 1:05:16]} Bxe5 {[%clk 0:59:13]} 25. dxe5 {[%clk 1:05:37]} Nd7
{[%clk 0:57:11]} 26. f3 {[%clk 1:04:58]} f5 {[%clk 0:55:29]} 27. exf6 Nxf6 28.
fxe4 {[%clk 1:03:54]} Nxe4 {[%clk 0:55:23]} 29. Rd4 {[%clk 1:02:36]} Kg8
{[%clk 0:53:53]} 30. Bb3 {[%clk 1:02:23]} Kh8 {[%clk 0:52:35]} 31. Rbd1 Qc7
{[%clk 0:50:06]} 32. Rf1 {[%clk 0:57:52]} Rf8 {[%clk 0:47:20]} 33. Rdd1
{[%clk 0:56:31]} Qg3 {[%clk 0:44:32]} 34. Bd4 {[%clk 0:52:34]} Nf5
{[%clk 0:42:46]} 35. Bf2 {[%clk 0:44:49]} Nxf2 {[%clk 0:41:41]} 36. Rxf2
{[%clk 0:45:00]} Ne3 {[%clk 0:37:25]} 37. Rxf8+ {[%clk 0:44:25]} Rxf8
{[%clk 0:37:38]} 38. Qe2 {[%clk 0:43:32]} Nxd1 {[%clk 0:36:37]} 39. Qxd1
{[%clk 0:42:08]} Rf2 {[%clk 0:35:11]} 40. Bxd5 {[%clk 0:41:52]} cxd5
{[%clk 0:34:44]} 41. Qxd5 {[%clk 0:42:03]} Rf6 {[%clk 0:30:27]} 42. a4
{[%clk 0:40:48]} Qe1+ {[%clk 0:28:01]} 43. Kh2 {[%clk 0:41:00]} Qxb4
{[%clk 0:27:33]} 44. Qd8+ {[%clk 0:39:59]} Kh7 {[%clk 0:27:22]} 45. Qd3+
{[%clk 0:40:11]} Rg6 {[%clk 0:26:49]} 46. c6 {[%clk 0:40:10]} Qd6+
{[%clk 0:26:55]} 0-1

[Event "V4 OPEN - International Championship of Slovakia 2
[Site "Banska Stiavnica"]
[Date "2013.07.13"]
[Round "8"]
[Board "3"]
[White "Nagy, Gabor"]
[Black "Pacher, Milan"]
[Result "1/2-1/2"]
[WhiteElo "2449"]
[BlackElo "2455"]
[PlyCount "0"]
[EventDate "2013.07.06"]
[EventRounds "9"]
[EventCountry "SVK"]

1. d4 {[%clk 1:30:57]} Nf6 {[%clk 1:30:30]} 2. c4 {[%clk 1:31:15]} e6
{[%clk 1:30:54]} 3. Nc3 {[%clk 1:31:26]} Bb4 {[%clk 1:31:18]} 4. e3
{[%clk 1:31:40]} O-O {[%clk 1:31:29]} 5. Nge2 {[%clk 1:31:53]} d5
{[%clk 1:31:38]} 6. a3 {[%clk 1:32:14]} Bd6 {[%clk 1:31:59]} 7. c5
{[%clk 1:32:23]} Be7 {[%clk 1:32:23]} 8. b4 {[%clk 1:32:25]} b6 {[%clk 1:30:47]}
9. Nf4 {[%clk 1:32:23]} a5 {[%clk 1:30:40]} 10. Bb2 {[%clk 1:32:30]} c6
{[%clk 1:30:30]} 11. Bd3 {[%clk 1:29:35]} Ba6 {[%clk 1:29:53]} 12. O-O
{[%clk 1:28:53]} Bxd3 {[%clk 1:29:23]} 13. Nxd3 {[%clk 1:27:02]} Nbd7
{[%clk 1:28:20]} 14. Qc2 {[%clk 1:21:38]} Qc7 {[%clk 1:27:18]} 15. f3
{[%clk 1:18:57]} Qb7 {[%clk 1:22:45]} 16. e4 {[%clk 1:17:02]} axb4
{[%clk 1:21:56]} 17. axb4 {[%clk 1:17:19]} Rxa1 {[%clk 1:22:07]} 18. Rxa1
{[%clk 1:17:37]} Ra8 {[%clk 1:22:16]} 19. Rxa8+ {[%clk 1:11:41]} Qxa8
{[%clk 1:22:44]} 20. e5 {[%clk 1:11:43]} Ne8 {[%clk 1:23:06]} 21. Qa4
{[%clk 1:11:24]} Qxa4 {[%clk 1:20:46]} 22. Nxa4 {[%clk 1:11:45]} Bd8
{[%clk 1:20:57]} 23. Nc3 {[%clk 1:08:47]} b5 {[%clk 1:21:09]} 24. g4
{[%clk 1:05:42]} f5 {[%clk 1:19:00]} 25. exf6 {[%clk 0:54:37]} gxf6
{[%clk 1:19:13]} 26. f4 {[%clk 0:54:25]} h5 {[%clk 1:13:04]} 27. h3
{[%clk 0:51:38]} hxg4 {[%clk 1:13:21]} 28. hxg4 {[%clk 0:52:02]} Ng7
{[%clk 1:13:29]} 29. Kf2 {[%clk 0:50:42]} f5 {[%clk 1:10:48]} 30. g5
{[%clk 0:51:01]} Bc7 {[%clk 1:11:12]} 31. Ne2 {[%clk 0:50:56]} Kf7
{[%clk 1:11:32]} 32. Ng1 {[%clk 0:50:05]} Nf8 {[%clk 1:10:51]} 33. Bc1
{[%clk 0:47:50]} Ng6 {[%clk 1:10:52]} 34. Ne2 {[%clk 0:47:58]} Nh5
{[%clk 1:10:25]} 35. Kf3 {[%clk 0:47:42]} Ke7 {[%clk 1:10:23]} 36. Bd2
{[%clk 0:47:50]} 1/2-1/2

[Event "V4 OPEN - International Championship of Slovakia 2
[Site "Banska Stiavnica"]
[Date "2013.07.13"]
[Round "8"]
[Board "4"]
[White "Cernousek, Lukas"]
[Black "Bokros, Albert"]
[Result "1/2-1/2"]
[WhiteElo "2454"]
[BlackElo "2439"]
[PlyCount "0"]
[EventDate "2013.07.06"]
[EventRounds "9"]
[EventCountry "SVK"]

1. d4 {[%clk 1:30:58]} Nf6 {[%clk 1:28:18]} 2. c4 {[%clk 1:31:21]} e6
{[%clk 1:28:43]} 3. g3 {[%clk 1:31:46]} d5 {[%clk 1:29:03]} 4. Nf3
{[%clk 1:32:10]} Bb4+ {[%clk 1:29:27]} 5. Bd2 {[%clk 1:32:33]} Bxd2+
{[%clk 1:29:53]} 6. Nbxd2 {[%clk 1:31:50]} O-O {[%clk 1:29:58]} 7. Bg2
{[%clk 1:32:14]} b6 {[%clk 1:29:56]} 8. cxd5 {[%clk 1:01:30]} Nxd5
{[%clk 1:25:05]} 9. O-O {[%clk 1:00:36]} Bb7 {[%clk 1:25:30]} 10. Rc1
{[%clk 1:00:13]} Nd7 {[%clk 1:24:12]} 11. e4 {[%clk 1:00:04]} N5f6
{[%clk 1:24:28]} 12. Qe2 {[%clk 1:00:17]} Rc8 {[%clk 1:21:26]} 13. Rfd1
{[%clk 0:58:48]} Qe7 {[%clk 1:20:58]} 14. e5 {[%clk 0:53:03]} Nd5
{[%clk 1:20:26]} 15. Ne4 {[%clk 0:48:37]} h6 {[%clk 1:16:04]} 16. a3
{[%clk 0:48:46]} a5 {[%clk 1:15:57]} 17. Re1 {[%clk 0:43:09]} Nb8
{[%clk 1:10:12]} 18. h4 {[%clk 0:38:37]} Nc6 {[%clk 1:06:20]} 19. Rc2
{[%clk 0:37:25]} Qd7 {[%clk 1:00:00]} 20. Rd2 {[%clk 0:35:08]} Nce7
{[%clk 0:53:04]} 21. Nh2 {[%clk 0:29:50]} Kh8 {[%clk 0:51:38]} 22. Qh5
{[%clk 0:29:38]} Nf5 {[%clk 0:48:41]} 23. Red1 {[%clk 0:19:18]} Qd8
{[%clk 0:44:05]} 1/2-1/2

[Event "V4 OPEN - International Championship of Slovakia 2
[Site "Banska Stiavnica"]
[Date "2013.07.13"]
[Round "8"]
[Board "5"]
[White "Repka, Christopher"]
[Black "Aczel, Gergely"]
[Result "1-0"]
[WhiteElo "2361"]
[BlackElo "2451"]
[PlyCount "0"]
[EventDate "2013.07.06"]
[EventRounds "9"]
[EventCountry "SVK"]

1. Nf3 {[%clk 1:30:56]} Nf6 {[%clk 1:30:49]} 2. d4 {[%clk 1:31:24]} d5
{[%clk 1:30:57]} 3. c4 {[%clk 1:31:26]} e6 {[%clk 1:31:19]} 4. Bf4
{[%clk 1:31:18]} Be7 {[%clk 1:31:35]} 5. e3 {[%clk 1:31:43]} O-O {[%clk 1:31:52]}
6. Bd3 {[%clk 1:32:03]} dxc4 {[%clk 1:31:27]} 7. Bxc4 {[%clk 1:32:32]} c5
{[%clk 1:31:07]} 8. O-O {[%clk 1:32:57]} Nbd7 {[%clk 1:24:28]} 9. Nc3
{[%clk 1:32:16]} a6 {[%clk 1:23:55]} 10. Bb3 {[%clk 1:30:46]} cxd4
{[%clk 1:03:21]} 11. exd4 {[%clk 1:31:10]} Nb6 {[%clk 1:03:18]} 12. Ne5
{[%clk 1:24:37]} Nbd5 {[%clk 1:01:47]} 13. Bg5 {[%clk 1:23:59]} Bd7
{[%clk 0:47:48]} 14. Qd3 {[%clk 1:08:53]} Bc6 {[%clk 0:41:47]} 15. Nxc6
{[%clk 1:07:57]} bxc6 {[%clk 0:42:16]} 16. Rac1 {[%clk 1:04:46]} Nb4
{[%clk 0:38:20]} 17. Qc4 {[%clk 1:04:23]} Qb8 {[%clk 0:30:48]} 18. Ne4
{[%clk 0:50:06]} Ng4 {[%clk 0:28:34]} 19. g3 {[%clk 0:50:13]} Bxg5
{[%clk 0:24:01]} 20. Nxg5 {[%clk 0:50:30]} Nh6 {[%clk 0:13:50]} 21. a3
{[%clk 0:47:20]} Nd5 {[%clk 0:14:15]} 22. Qd3 {[%clk 0:47:47]} Nf6
{[%clk 0:13:13]} 23. Rxc6 {[%clk 0:47:11]} Qb5 {[%clk 0:10:06]} 24. Qxb5
{[%clk 0:46:06]} axb5 {[%clk 0:10:35]} 25. f3 {[%clk 0:38:30]} Rfd8
{[%clk 0:09:28]} 26. Rd1 {[%clk 0:38:08]} Rab8 {[%clk 0:08:47]} 27. Ne4
{[%clk 0:36:08]} Nxe4 {[%clk 0:06:57]} 28. fxe4 {[%clk 0:36:37]} Ng4
{[%clk 0:07:19]} 29. d5 {[%clk 0:35:54]} exd5 {[%clk 0:06:16]} 30. exd5
{[%clk 0:35:09]} Ne5 {[%clk 0:06:41]} 31. Rc7 {[%clk 0:35:20]} Rd6
{[%clk 0:05:14]} 32. Rdc1 {[%clk 0:34:53]} Kf8 {[%clk 0:04:21]} 33. Rc8+
{[%clk 0:35:16]} Rxc8 {[%clk 0:04:46]} 34. Rxc8+ {[%clk 0:35:45]} Ke7
{[%clk 0:05:07]} 35. Rc7+ {[%clk 0:34:24]} Rd7 {[%clk 0:05:00]} 36. Rc5
{[%clk 0:23:07]} Nf3+ {[%clk 0:05:09]} 37. Kg2 {[%clk 0:23:22]} Nd4
{[%clk 0:05:14]} 38. Ba2 {[%clk 0:21:57]} Kd6 {[%clk 0:05:42]} 39. Rc8
{[%clk 0:21:45]} Re7 {[%clk 0:05:44]} 40. Rd8+ {[%clk 0:20:53]} Kc7
{[%clk 0:05:08]} 41. d6+ {[%clk 0:21:17]} Kxd8 {[%clk 0:05:33]} 42. dxe7+
{[%clk 0:21:43]} Kxe7 {[%clk 0:05:58]} 43. Kf2 {[%clk 0:21:53]} f5
{[%clk 0:19:50]} 44. Ke3 {[%clk 0:52:56]} Nc6 {[%clk 0:20:16]} 45. Bb1
{[%clk 0:50:29]} Kf6 {[%clk 0:19:49]} 46. Bd3 {[%clk 0:50:21]} b4
{[%clk 0:20:11]} 47. Bb5 {[%clk 0:47:52]} bxa3 {[%clk 0:20:17]} 48. bxa3
{[%clk 0:48:11]} Na5 {[%clk 0:18:53]} 49. Kd4 {[%clk 0:45:04]} g5
{[%clk 0:17:05]} 50. Kc3 {[%clk 0:40:35]} Ke5 {[%clk 0:13:58]} 51. Kb4
{[%clk 0:38:52]} Nb7 {[%clk 0:14:27]} 52. a4 {[%clk 0:38:22]} Kd4
{[%clk 0:02:55]} 53. Bc6 {[%clk 0:37:18]} Nc5 {[%clk 0:03:24]} 54. a5
{[%clk 0:37:43]} f4 {[%clk 0:03:06]} 55. g4 {[%clk 0:36:23]} Nd3+
{[%clk 0:02:45]} 56. Kb5 {[%clk 0:35:40]} Nc5 {[%clk 0:03:14]} 57. Bh1
{[%clk 0:30:15]} h6 {[%clk 0:03:08]} 58. Bg2 {[%clk 0:26:15]} Ne6
{[%clk 0:03:34]} 59. Kc6 {[%clk 0:26:38]} Nc5 {[%clk 0:03:48]} 60. Kd6
{[%clk 0:26:53]} Kc4 {[%clk 0:02:59]} 61. a6 {[%clk 0:24:10]} Nxa6
{[%clk 0:03:26]} 62. Bf1+ {[%clk 0:24:38]} Kd4 {[%clk 0:03:55]} 63. Bxa6
{[%clk 0:25:07]} f3 {[%clk 0:04:01]} 64. Bb7 {[%clk 0:24:49]} Ke3
{[%clk 0:01:26]} 65. Ke5 {[%clk 0:25:07]} f2 {[%clk 0:00:40]} 66. Bg2
{[%clk 0:25:22]} Ke2 {[%clk 0:00:40]} 67. Kf5 {[%clk 0:25:40]} Ke3
{[%clk 0:00:37]} 68. Kg6 {[%clk 0:25:40]} 1-0

[Event "V4 OPEN - International Championship of Slovakia 2
[Site "Banska Stiavnica"]
[Date "2013.07.13"]
[Round "8"]
[Board "6"]
[White "Gledura, Benjamin"]
[Black "Plachetka, Jan"]
[Result "1/2-1/2"]
[WhiteElo "2421"]
[BlackElo "2355"]
[PlyCount "0"]
[EventDate "2013.07.06"]
[EventRounds "9"]
[EventCountry "SVK"]

1. e4 {[%clk 1:30:57]} c5 {[%clk 1:27:24]} 2. Nf3 {[%clk 1:31:17]} e6
{[%clk 1:27:21]} 3. g3 {[%clk 1:31:34]} Nc6 {[%clk 1:23:35]} 4. Bg2
{[%clk 1:31:18]} Nf6 {[%clk 1:21:57]} 5. Qe2 {[%clk 1:31:02]} d6 {[%clk 1:20:17]}
6. O-O {[%clk 1:28:09]} Be7 {[%clk 1:20:34]} 7. Rd1 {[%clk 1:26:55]} O-O
{[%clk 1:20:12]} 8. d4 {[%clk 1:25:08]} cxd4 {[%clk 1:18:55]} 9. Nxd4
{[%clk 1:25:18]} Nxd4 {[%clk 1:18:29]} 10. Rxd4 {[%clk 1:25:42]} e5
{[%clk 1:11:22]} 11. Rd1 {[%clk 1:21:18]} Bg4 {[%clk 1:10:47]} 12. Bf3
{[%clk 1:15:51]} Be6 {[%clk 1:07:23]} 13. c4 {[%clk 1:09:46]} a6 {[%clk 1:00:40]}
14. b3 {[%clk 1:03:30]} Qb8 {[%clk 0:59:12]} 15. Nc3 {[%clk 1:01:22]} b5
{[%clk 0:57:37]} 16. Nd5 {[%clk 0:50:57]} 1/2-1/2